LEADER 01221nam a2200289 i 4500 001 000000196970 003 CaOOAMICUS 005 20250729161415.0 008 110804s2006 it u000 u ita u 013 $a175655 020 $a88-7201-264-3 040 $aSeMil$bita 100 1 $aLodola, Paola.$0(OLS)http://semarc/name/71348 245 10$aArte e architettura a Milano /$cPaola Lodola ; fotografie di Mario De Biasi, Piero Orlandi, Gianluca Agazzi. 260 $aBergamo :$bGrafica & Arte,$cstampa 2006. 300 $a157 p. :$bill. ;$c34 cm. 650 4$aMilano - Arte.$0(OLS)http://semarc/subject/6950 700 1 $aAgazzi, Gianluca.$0(OLS)http://semarc/name/71349 700 1 $aOrlandi, Piero.$0(OLS)http://semarc/name/45038 700 1 $aDe Biasi, Mario,$d<1923-2013>.$0(OLS)http://semarc/name/19355 850 $aSeMil 852 $aSeMil$W1$xVenegono$y1$m3O VI 75$j147533$B147533$CSeMilBibl$Z2$F166244 $81 961 $aOmaggio: Cavalli mons. Attilio 996 $6020$a88-7201-264-3$9(OLS)http://semarc/number/188997 996 $6245$aArte e architettura a Milano$9(OLS)http://semarc/title/284372 996 $6260$aBergamo :$bGrafica & Arte$9(OLS)http://semarc/publisher/46759 LEADER 01411nam a2200265 i 4500 001 000000071126 003 CaOOAMICUS 005 20100504000000.0 008 100504s1963 it u000 u ita u 013 $a42298 040 $aSeMil$bita 240 10$aAll men are brothers : life and thoughts of Mahatma Gandhi as told in his own words.$0(OLS)http://semarc/title/114348 245 10$aAntiche come le montagne :$bla vita e il pensiero M.K. Gandhi attraverso i suoi scritti /$c[introduzione di S. Radhakrishnan ; trad. dall'inglese di Lucia Pigni Maccia]. 260 $aMilano :$bEdizioni di Comunità,$c1963. 300 $a316 p., [1] ritr. ;$c21 cm. 490 0 $aTerzo mondo ;$v5 600 14$aGandhi, Moh?nd?s Karamchand <1869-1948>.$0(OLS)http://semarc/subject/52516 700 1 $aGandhi, Mohandas Karamchand,$d<1869-1948>.$0(OLS)http://semarc/name/27397 700 1 $aPigni Maccia, Lucia.$0(OLS)http://semarc/name/21561 700 1 $aRadhakrishnan, Sarvepalli,$d<1888-1975>.$0(OLS)http://semarc/name/7507 830 0$aTerzo mondo ;$v5.$0(OLS)http://semarc/title/17011 850 $aSeMil 852 $aSeMil$W1$xVenegono$y1$m2X IV 231$j37279$B37279$CSeMilBibl$Z2$F37282 $81 996 $6245$aAntiche come le montagne :$bla vita e il pensiero M.K. Gandhi attraverso i suoi scritti$9(OLS)http://semarc/title/114347 996 $6260$aMilano :$bEdizioni di Comunità$9(OLS)http://semarc/publisher/31458